PSYCHIATRIC MENTAL HEALTH NURSING (Record no. 6799)

MARC details
000 -LEADER
fixed length control field 00367nam a2200145Ia 4500
008 - FIXED-LENGTH DATA ELEMENTS--GENERAL INFORMATION
fixed length control field 150301s2015 xx 000 0 und d
082 ## - DEWEY DECIMAL CLASSIFICATION NUMBER
Classification number 610.7368
Item number P15T
100 ## - MAIN ENTRY--PERSONAL NAME
Personal name TOWNSEND, MARG C.
245 ## - TITLE STATEMENT
Title PSYCHIATRIC MENTAL HEALTH NURSING
250 ## - EDITION STATEMENT
Edition statement 8TH
260 ## - PUBLICATION, DISTRIBUTION, ETC. (IMPRINT)
Name of publisher, distributor, etc. JAYPEE MEDICAL PUB.
Date of publication, distribution, etc. 2015
300 ## - PHYSICAL DESCRIPTION
Extent 961
650 ## - SUBJECT ADDED ENTRY--TOPICAL TERM
Topical term or geographic name as entry element PSYCHIATRIC NURSING
942 ## - ADDED ENTRY ELEMENTS (KOHA)
Source of classification or shelving scheme Dewey Decimal Classification
Koha item type Books
Koha issues (borrowed), all copies 43
Holdings
Withdrawn status Lost status Source of classification or shelving scheme Damaged status Not for loan Collection code Home library Current library Shelving location Date acquired Source of acquisition Cost, normal purchase price SGTU Bill Number Total Checkouts Full call number Barcode Date last seen Date last checked out Bill Date Koha item type Checked out
    Dewey Decimal Classification     NURSING SGT Medical Library SGT Medical Library Text Book 02/07/2015 ABC DELHI 1495.00 SGTU 5533 27 610.7368 P15T FN2626 12/12/2025 17/11/2025 25/03/2015 Books  
    Dewey Decimal Classification     NURSING SGT Medical Library SGT Medical Library Text Book 02/07/2015 ABC DELHI 1495.00 SGTU 5533 24 610.7368 P15T FN2627 22/04/2026 01/04/2026 25/03/2015 Books  
    Dewey Decimal Classification     NURSING SGT Medical Library SGT Medical Library Text Book 02/07/2015 ABC DELHI 1495.00 SGTU 5533 28 610.7368 P15T FN2628 28/05/2026 28/05/2026 25/03/2015 Books 11/06/2026
    Dewey Decimal Classification     NURSING SGT Medical Library SGT Medical Library Text Book 02/07/2015 ABC DELHI 1495.00 SGTU 5533 29 610.7368 P15T FN2629 15/04/2026 17/03/2026 25/03/2015 Books  
    Dewey Decimal Classification     NURSING SGT Medical Library SGT Medical Library Text Book 02/07/2015 ABC DELHI 1495.00 SGTU 5533 22 610.7368 P15T FN2630 09/09/2022 08/09/2022 25/03/2015 Books